000 00298nam a22001337a 4500
008 170405b xxu||||| |||| 00| 0 eng d
020 _a9789280811551
041 _aeng
080 _a574
100 _a9
101 _aSHM
245 _aMAKING CHOICES ABOUT HYDROGEN
_cMYTELKA, L.K
942 _2udc
_cBK
999 _c9713
_d9713